000 00252nam a2200109Ia 4500
008 240625s9999 xx 000 0 und d
041 _aeng
082 _a658.3 DEN
100 _aDENISI ANGELO S
245 _aHR HUMAN RESOURCE MANAGEMENT
260 _c2011
999 _c38399
_d38399